00715 2200253 4500001002100000005001500021035002000036007000300056008004100059020002200100082001000122084001600132100001700148245011200165250001000277260003900287300003200326500001100358650002600369700001300395504003100408990001100439990001100450INLIS00000000000384520190730084739 a0010-0719000263ta190730 g 0 ind  a978-602-1579-16-9 a590.3 a590.3 HOE e0 aHOEDA, Manis1 aEnsiklopedi Dunia dalam Bintang :bFakta-fakta Unik dan Menarik Dunia Hewan /cHoeda Manis; editor, Rose KR acet.3 aYogyakarta :bAr-Ruzz Media,c2016 a474 hlm. :bilus. ;c26 cm. aIndeks 4aENSIKLOPEDIA BINATANG0 aROSE, KR aBibliografi : hlm. 471-472 a6024 a a6024 b